00393nam a22001097a 4500008004100000040005500041080002200096100002100118245007400139260005700213650001300270230808b |||||||| |||| 00| 0 eng d aNational Science LibrarycNational Science Library aT 533.9...15 bM8 aPrabhakar, H I R aSimple Steady State Model For Beta c/ Institute for Plasma Research  aGandhinagar: bInstitute for Plasma Research, c1988 aScience